| 000 | 00985nam a2200289 4500 | ||
|---|---|---|---|
| 001 | 0000023364 | ||
| 003 | CO-CtgCURN | ||
| 005 | 20250331184408.0 | ||
| 007 | ta | ||
| 008 | 160627s2005 000 0 eng d | ||
| 020 | _a9589029736 | ||
| 040 |
_aCO-CtgCURN _bspa _ccoctgcurn |
||
| 082 | 0 |
_a336.014 _bO775 |
|
| 100 | 1 | _aOrtíz Bojaca, Armando. | |
| 245 | 1 | 0 |
_aFundamentos de finanzas publicas / _cArmando Ortíz Bojaca. |
| 260 |
_aBogotá : _bUniversidad Jorge Tadeo Lozano, _c2005. |
||
| 300 | _a104 p. | ||
| 336 | _2rdacontent | ||
| 337 |
_2rdamedia _asin mediacion _bn |
||
| 338 |
_2rdacarrier _avolumen _bnc |
||
| 490 | 1 | _aColección estudios de contaduria | |
| 500 | _aIncluye glosario (p. 93-104) \ Anexo: Cuestionario para la evaluacion del sistema de control interno. | ||
| 650 | 1 | 4 |
_aPolítica de finanzas publicas _zColombia. |
| 908 | _a160627 | ||
| 942 |
_cBK _h336.014 _iO775 _2ddc |
||
| 999 |
_c18427 _d18427 |
||